Countries that Block Other Countries from Water - Statistics

General Stats
  • This quiz has been taken 1,025 times
    930 since last reset
  • The average score is 17 of 21
Answer Stats
Country % Correct
Norway
90%
Sweden
89%
Thailand
89%
Finland
88%
The Gambia
88%
Croatia
85%
Bosnia and Herzegovina
84%
Laos / Cambodia
84%
Myanmar
84%
Senegal
84%
Vietnam
83%
Argentina / Bolivia
79%
Chile
79%
Malawi
77%
Ethiopia
70%
Eritrea
69%
Djibouti / Somalia
68%
Somalia
68%
Zambia
68%
Israel
67%
Jordan
66%
No matching quizzes found
Score Distribution
Percent of People with Each Score
Percentile by Number Answered
Your Score History
You have not taken this quiz since the last reset